Doing the dirty work? : (Record no. 8867)

MARC details
000 -LEADER
fixed length control field 01372cam a22003254a 4500
001 - CONTROL NUMBER
control field 11868136
003 - CONTROL NUMBER IDENTIFIER
control field OSt
005 - DATE AND TIME OF LATEST TRANSACTION
control field 20240626095419.0
008 - FIXED-LENGTH DATA ELEMENTS--GENERAL INFORMATION
fixed length control field 991214s2000 enk b 001 0 eng
010 ## - LIBRARY OF CONGRESS CONTROL NUMBER
LC control number 99087818
020 ## - INTERNATIONAL STANDARD BOOK NUMBER
International Standard Book Number 1856497607 (hb)
020 ## - INTERNATIONAL STANDARD BOOK NUMBER
International Standard Book Number 1856497615 (pb)
040 ## - CATALOGING SOURCE
Original cataloging agency DLC
Transcribing agency must
Modifying agency DLC
042 ## - AUTHENTICATION CODE
Authentication code pcc
050 00 - LIBRARY OF CONGRESS CALL NUMBER
Classification number HD8039.D5
Item number A53 2000
082 00 - DEWEY DECIMAL CLASSIFICATION NUMBER
Classification number 338.7288 AND 2000
Edition number 21
100 1# - MAIN ENTRY--PERSONAL NAME
Personal name Anderson, Bridget,
Titles and words associated with a name D. Phil.
9 (RLIN) 17910
245 10 - TITLE STATEMENT
Title Doing the dirty work? :
Remainder of title the global politics of domestic labour /
Statement of responsibility, etc. Bridget Anderson.
260 ## - PUBLICATION, DISTRIBUTION, ETC. (IMPRINT)
Place of publication, distribution, etc. London ;
-- New York :
Name of publisher, distributor, etc. Zed Books ;
Place of publication, distribution, etc. New York :
Name of publisher, distributor, etc. Distributed in the USA by St Martin's Press,
Date of publication, distribution, etc. 2000.
300 ## - PHYSICAL DESCRIPTION
Extent viii, 213 p. ;
Dimensions 23 cm.
504 ## - BIBLIOGRAPHY, ETC. NOTE
Bibliography, etc Includes bibliographical references (p. 198-207) and index.
650 #0 - SUBJECT ADDED ENTRY--TOPICAL TERM
Topical term or geographic name as entry element Household employees.
9 (RLIN) 17911
650 #0 - SUBJECT ADDED ENTRY--TOPICAL TERM
Topical term or geographic name as entry element Foreign workers.
9 (RLIN) 17912
856 42 - ELECTRONIC LOCATION AND ACCESS
Materials specified Contributor biographical information
Uniform Resource Identifier <a href="http://www.loc.gov/catdir/bios/hol058/99087818.html">http://www.loc.gov/catdir/bios/hol058/99087818.html</a>
856 42 - ELECTRONIC LOCATION AND ACCESS
Materials specified Publisher description
Uniform Resource Identifier <a href="http://www.loc.gov/catdir/description/hol057/99087818.html">http://www.loc.gov/catdir/description/hol057/99087818.html</a>
856 41 - ELECTRONIC LOCATION AND ACCESS
Materials specified Table of contents
Uniform Resource Identifier <a href="http://www.loc.gov/catdir/toc/hol053/99087818.html">http://www.loc.gov/catdir/toc/hol053/99087818.html</a>
906 ## - LOCAL DATA ELEMENT F, LDF (RLIN)
a 7
b cbc
c orignew
d 1
e ocip
f 19
g y-gencatlg
942 ## - ADDED ENTRY ELEMENTS (KOHA)
Source of classification or shelving scheme Dewey Decimal Classification
Koha item type Open Shelf
Holdings
Withdrawn status Lost status Source of classification or shelving scheme Damaged status Not for loan Home library Current library Date acquired Source of acquisition Inventory number Total Checkouts Full call number Barcode Date last seen Price effective from Koha item type
    Other/Generic Classification Scheme     MUST Main Library MUST Main Library 26/06/2024 donation 10/32784   338.7288 AND 2000 2024-21349 26/06/2024 26/06/2024 Open Shelf